Ricetta della carbonara - Statistics

Statistiche generali
  • Questo quiz è stato fatto 408 volte
  • Il punteggio medio è 6 su 7
Statistiche sulle risposte
Hint Risposta % Corretto
4 uova
98%
200g guanciale
96%
q.b. sale
94%
q.b. pepe
93%
30g pecorino
90%
500g spaghetti
84%
q.b. olio
71%
Nessun quiz corrispondente trovato
Distribuzione punteggi
Percentuale di utenti per punteggio
Percentile per numero di risposta
I tuoi punteggi nel tempo
Non hai fatto questo quiz